000 00563nam a2200193Ia 4500
008 090201s9999 xx 000 0 und d
010 _aKPL-72071
020 _a81-7434-369-5
040 _bमराठी
041 _aमराठी
082 _a52358
_b72071
100 _aदिलीप प्रभावळकर
245 _aहसगत
_cदिलीप प्रभावळकर
250 _a3
260 _c2007
_bराजहंस प्रकाशन
300 _a185
_bमध्यम
600 _aहसगत
942 _cBOOK
999 _c248807
_d248807